000 00874nam a2200265 i 4500
001 bg
100 1 _aMARCINIAK, Lubomir
245 1 0 _aCyfrowe przetwarzanie sygnałów w automatyce elektroenergetycznej :
_bćwiczenia /
_cLubomir Marciniak ; Politechnika Częstochowska.
260 _aCzęstochowa :
_bWydawnictwa Politechniki Częstochowskiej,
_c2005.
300 _a64 s. ;
_c24 cm.
490 1 _aSkrypty Politechniki Częstochowskiej,
_x1234-9909 ;
_v50
504 _aBibliogr. s. 64.
650 9 _aKonwersja danych
650 9 _aMatlab
655 _aPodręczniki akademickie
830 _aSkrypty Politechniki Częstochowskiej,
_x1234-9909 ;
015 _aPB 5863/2006
020 _a8371932871
040 _cBPK
041 0 _apol
080 _a004.42:004.62](075.8)
920 _a83-7193-287-1
942 _cKS
008 s pl f |000 0 pol
999 _c51757
_d51757
856 _uhttp://koha.tu.koszalin.pl/cgi-bin/koha/opac-detail.pl?biblionumber=51757
_yKatalog online BPK